History Quiz

Random History or Year Quiz

Historical Murder Match-Up Quiz Stats

Quiz Updated Nov 10, 2015

Challenge
Share
Tweet
Score 0/24 Timer 06:00
52 Plays Today
% Correct
Dallas ● 1963
96%
Washington, D.C. ● 1865
94.6%
Rome ● 44 BCE
92.5%
Memphis ● 1968
92.4%
New Delhi ● 1948
87.6%
New Delhi ● 1984
85.7%
Los Angeles ● 1968
84.2%
New York ● 1965
82.1%
Sarajevo ● 1914
81.8%
Rome ● 41
81.5%
St Petersburg ● 1916
77.7%
Saigon ● 1963
77.6%
% Correct
San Francisco ● 1978
76.8%
Cairo ● 1981
72.5%
Tel Aviv ● 1995
70.7%
Paris ● 1793
67.2%
Canterbury ● 1170
66.6%
Rawalpindi ● 2007
61.7%
Lima ● 1541
58%
Baton Rouge ● 1935
56.8%
St Petersburg ● 1881
55.6%
Mexico City ● 1940
50.6%
Santo Domingo ● 1961
45.8%
Delft ● 1584
39.4%

You're not logged in!

Compare scores with friends on all Sporcle quizzes.
Sign Up with Email
OR
Log In

You Might Also Like...

Show Comments

Extras

Top Quizzes Today


Score Distribution

Your Account Isn't Verified!

In order to create a playlist on Sporcle, you need to verify the email address you used during registration. Go to your Sporcle Settings to finish the process.